Statistiques concernant Intercommunalités des Landes

Cliquez ici pour prendre le quiz!

Statistiques générales

  • Ce quiz a été pris 40 fois
  • Le résultat moyen est 6 sur 18

Statistiques - réponses

Nombres de CommunesIntercommunalités% Correct
20Grand Dax Agglomération
100%
18Mont-de-Marsan Agglomération
100%
06Communauté de communes de Mimizan
79%
22 (dont 10 dans le Gers)Communauté de communes d'Aire-sur-l'Adour
50%
23Communauté de communes de Maremne-Adour-Côte-Sud
50%
07Communauté de communes des Grands Lacs
50%
24Communauté de communes du Pays d'Orthe et Arrigans
43%
50Communauté de communes Chalosse Tursan
29%
27Communauté de communes des Landes d'Armagnac
21%
12Communauté de communes du Pays de Villeneuve en Armagnac Landais
21%
06Communauté de communes du Pays Morcenais
21%
08Communauté de communes du Seignanx
21%
26Communauté de communes Cœur Haute Lande
14%
11Communauté de communes du Pays grenadois
14%
17Communauté de communes du Pays Tarusate
14%
16Communauté de communes Coteaux et Vallées des Luys
7%
10Communauté de communes Côte Landes Nature
7%
34Communauté de communes Terres de Chalosse
0%

Distribution des résultats

Percentile par nombre de réponses

% des personnes avec chaque résultat

Votre développement - résultats

Vous n’avez pas pris ce quiz